LEADER 00946nam0-22003371i-450- 001 990000372030403321 005 20001010 010 $a0-19-852024-7 035 $a000037203 035 $aFED01000037203 035 $a(Aleph)000037203FED01 035 $a000037203 100 $a20001010d--------km-y0itay50------ba 101 0 $aita 105 $ay-------001yy 200 1 $a<>PHYSICS of liquid crystals$f(by) P.G. de Gennes and J. Prost 205 $a2° ed. 210 $aOxford$cClarendon Press$d1993 215 $aXVI,597 p., ill., 24 cm 225 1 $aInternational series of monographs on physics$v83 676 $a530.429 702 1$aGennes,$bPierre-Gilles de 702 1$aProst,$bJacques 801 0$aIT$bUNINA$gRICA$2UNIMARC 901 $aBK 912 $a990000372030403321 952 $a04 041-72$bDIC 2018$fDINCH 959 $aDINCH 996 $aPHYSICS of liquid crystals$9127073 997 $aUNINA DB $aING01 LEADER 01170nam--2200397---450- 001 990001758670203316 005 20110729124055.0 010 $a88-7750-518-4 035 $a000175867 035 $aUSA01000175867 035 $a(ALEPH)000175867USA01 035 $a000175867 100 $a20040615d1998----km-y0itay0103----ba 101 $aita 102 $aIT 105 $a||||||||001yy 200 1 $aEducazione linguistica e valutazione$fGianfranco Porcelli 210 $aTorino$cUTET libreria$d1998 215 $aX, 246 p.$d24 cm 225 2 $aGlottodidattica 410 0$12001$aGlottodidattica 606 0 $aLingue straniere$xApprendimento$xValutazione$2BNCF 676 $a418.0076 700 1$aPORCELLI,$bGianfranco$0131102 801 0$aIT$bsalbc$gISBD 912 $a990001758670203316 951 $a418.0076 POR$b6620 DLAS 951 $aIV.2. 2240$b5848 L.G.$cIV.2.$e00298333 959 $aBK 969 $aDLAS 969 $aUMA 979 $aDLAS$b10$c20040615$lUSA01$h1700 979 $aDLAS$b10$c20040630$lUSA01$h1251 979 $aIANNONE$b90$c20110729$lUSA01$h1240 996 $aEducazione linguistica e valutazione$9446006 997 $aUNISA